| 000 | 00418nam a2200181Ia 4500 | ||
|---|---|---|---|
| 005 | 20240823011830.0 | ||
| 008 | 240823s9999||||xx |||||||||||||| ||und|| | ||
| 041 | _aENGLISH | ||
| 082 | _A420 P2 | ||
| 100 | _a"Jones,Daniel" | ||
| 245 | 0 | _aEnglish Pronouncing Dictionary | |
| 250 | _a15th | ||
| 260 |
_c2002 _b"Cambridge,USA" |
||
| 500 | _aTRANSFERED | ||
| 650 |
_aENG _bEnglish |
||
| 942 | _cBK | ||
| 999 |
_c162668 _d162668 |
||